000 00518nam a2200157 a 4500
001 000032141
005 20200930063450.0
008 110713s1993 dr 000 0 spa d
040 _aDO-SdBNP
_bspa
_cBNPHU
082 _axxxx
_bA837h
110 2 _aAsociación de Ex-Alumnos del Seminario Pontificio Santo Tomás de Aquino
_958249
245 1 0 _aEstatutos.
260 _a[Santo Domingo :
_bAsociación de Ex-Alumnos del Seminario Pontificio Santo Tomás de Aquino,
_c1993].
300 _a19 p. ;
_c23 cm.
049 _aBNPD
999 _c31632
_d31632